1197 1260 1533 1078 1699 1946 1162 1876 1061 1002 1447 1769 1815 1556 1525 1330 1745 1372 1289 1903 1650 1248 1161 1146 1408 1172 1716 1818 1057 1776 1315 1306 1698 1337 1128 1976 1087 1590 1347 1471 1886 1611 1585 1133 1803 1226 1015 1178 1211 1700 1754 1118 1899 1089 1444 1001 1203 1933 1040 1431 1975 1962 1190 1703 1654 1741 1077 1249 1566 1223 1898 1340 1837 1890 1338 1720 1979 1301 1820 1569 1406 1882 1168 1461 1469 1746 1909 1469 1359 1622 1679 1009 1022 1825 1315 1316 1704 1206 1329 BCNSPRNW ULIB Ver.6.0+V

เปลี่ยนเป็นภาษาไทย

Change to English
 แสดงรายละเอียดบรรณานุกรม
  กลับหน้าหลัก

Brief Record : Get Marc (ISO 2709) : E-mail record : QR code < ปิดหน้าต่าง
LEADER : 00000nam 2200000uu 4500
001    13399112239
003     ULIB
008    110801s2545||||th 000 0 tha d
020    9745341371
050 04 HD69.P75^bป436ก 2544
100 0  ประสิทธิ์ ตงยิ่งศิริ
245 10 การวางแผนและการวิเคราะห์โครงการ =^lProject planning and analysis /^cประสิทธิ์ ตงยิ่งศิริ
250    พิมพ์ครั้งที่ 1
260    กรุงเทพฯ :^bซีเอ็ดยูเคชั่น,^c2545
300    432 หน้า :^bตาราง, ภาพประกอบ ;^c26 ซม
650  7 การบริหารโครงการ
945    ^p320^l0^i015612
945    ^p320^l0^i015613
995    ทศพร
999 ^a ทศพร
รายการนี้ยังไม่มีแท็ก
คุณยังไม่ได้ล็อกอิน คุณสามารถมีกิจกรรมร่วมกับเว็บไซต์ได้ แต่ต้องล็อกอินก่อน ::
  ล็อกอิน

รายการสื่อสารสนเทศ

ลำดับที่ ประเภท เลขเรียก/บาร์โค้ด สถานที่ สถานะ
- ไม่พบข้อมูล -

รายการใกล้เคียง
    หัวเรื่อง [การบริหารโครงการ]

BibComment


ยังไม่เคยถูกคอมเมนท์

คอมเมนท์ทรัพยากรรายการนี้
  คอมเมนท์: การวางแผนและการวิ..


 Copyright 2026. Bcnsprnw @Library